000
00285nam a2200121Ia 4500
008
240731s9999 xx 000 0 und d
022
_a
2326-8751
245
0
_a
Porn Studies
260
_b
Routledge
856
_u
https://www.tandfonline.com/loi/rprn20
942
_2
ddc
942
_c
TFEJ
999
_c
78999
_d
78999
945
_a
1
_b
Madushi Gamage
_c
1
_d
Madushi Gamage